Exploring language pedagogy through second language acquisition research

Guardado en:
Detalles Bibliográficos
Autores principales: Ellis, Rod (Autor), Shintani, Natsuko (Autor)
Formato: Libro
Lenguaje:inglés
Publicado: Nueva York Routledge 2014
Edición:1a. ed
Colección:Routledge Introductions to Applied Linguistics
Materias:
Etiquetas: Agregar Etiqueta
Sin Etiquetas, Sea el primero en etiquetar este registro!

MARC

LEADER 00000cam a2200000 a 4500
001 UCD3463
003 CL-VaPUC
008 160603e20140000us |||||||||||||||||eng|d
020 |a 9780415519731 
082 0 4 |a 418.007  |b ELL  |2 21 
100 0 |a Ellis, Rod  |e author  |9 586956 
700 0 |a Shintani, Natsuko  |e author  |9 586957 
245 1 0 |a Exploring language pedagogy through second language acquisition research 
250 |a 1a. ed 
300 |a 388 p 
942 |c BK 
945 |d 20160603 11:43:00  |a arojas 
260 |a Nueva York  |b Routledge  |c 2014 
650 0 |a Lingüística aplicada   |9 313266 
650 0 |a Educación lingüística  |9 306506 
650 0 |a Enseñanza de idiomas  |9 339820 
650 0 |a Adquisición del lenguaje   |9 309032 
583 |a last modification  |c 20160603 11:43:00  |k Rodrigo Vera 
490 0 |a Routledge Introductions to Applied Linguistics 
999 |c 364499  |d 364497 
952 |0 0  |1 0  |3 erb  |4 0  |6 418_007000000000000_ELL_2014  |7 0  |8 A  |9 477702  |a BIBEDU  |b BIBEDU  |c ES_NOD  |i 5291577  |o 418.007 ELL 2014  |p 5291577  |r 2023-08-09  |w 2019-11-24  |y BK  |z Catalogado en:20160603  |k LIT